000
00304nam a22001337a 4500
003
SGT
082
_a
370
_b
S14B
100
_a
BRAR, MS. GURSANGEET
245
_a
SCHOOL MANAGEMENT AND PLANNING
260
_a
NEW DELHI
_b
KHEL SAHITYA KENDRA
_c
2014
300
_a
271
650
_a
EDUCATION
942
_2
ddc
_c
BK
999
_c
12308
_d
12308